[Event "23rd ETCC Open 2021"]
[Site "Catez"]
[Date "2021.11.21"]
[Round "9.19"]
[White "Artemiev, Vladislav"]
[Black "Howell, David W L"]
[Result "1/2-1/2"]
[WhiteElo "2699"]
[BlackElo "2648"]
[Annotator "TA"]
[PlyCount "81"]
[EventDate "2021.11.08"]
[EventType "team-tourn"]
[EventCountry "SLO"]
[SourceTitle "playchess.com"]
[Source "ChessBase"]
[SourceQuality "1"]
[WhiteTeam "Russia"]
[BlackTeam "England"]
[WhiteTeamCountry "RUS"]
[BlackTeamCountry "ENG"]

{[%evp 15,81,13,25,15,23,20,31,0,0,0,0,0,10,8,12,8,15,20,4,3,32,20,22,0,26,12,
36,54,57,50,64,62,65,54,49,56,53,60,81,78,70,74,70,0,0,0,0,0,0,0,4,5,5,4,5,4,4,
3,12,3,8,0,0,0,0,0,0,0]} 1. e4 e5 2. Nf3 Nc6 3. Bb5 Nf6 4. O-O Nxe4 5. Re1 Nd6
6. Nxe5 Be7 7. Bf1 Nxe5 8. Rxe5 O-O 9. Nc3 {C67: Ruy Lopez: Berlin Defence: 4
0-0 Nxe4.} Ne8 10. Nd5 Bd6 11. Re2 {White is slightly better.} c6 12. Ne3 Be7
13. c4 Nc7 14. d4 d5 15. cxd5 Nxd5 16. Nxd5 cxd5 17. Qb3 {[#]} a5 $146 ({
Predecessor:} 17... Qd6 18. g3 Be6 19. Rc2 Qd7 20. Bb5 Qd6 21. Bd3 Qd7 {
1/2-1/2 (21) Booij,R (2364)-Hernandez,A (2389) ICCF email 2017}) 18. Bf4 a4 19.
Qe3 Bf6 20. Rc1 {[%cal Ba1c1,Bc1c7,Bc7b7][%mdl 32]} Bf5 21. Rc7 b5 22. Re1 b4
23. Rb7 a3 24. Rxb4 axb2 25. Rxb2 Qa5 {Threatening ...Bxd4!} 26. Bd6 {aiming
for Rb5.} Bxd4 27. Qxd4 Qxe1 28. Bxf8 Rxf8 29. Qxd5 ({White should play} 29. a4
$14) 29... Be6 $11 {The position is equal.} 30. Qb5 {Strongly threatening a4.}
Qa1 $1 31. a4 {Black must now prevent Rb1.} Bd7 $1 {[%cal Rd7b5]} 32. Rb1 Qa2 {
[#]} 33. Bc4 Bxb5 (33... Qc2 34. Qb3) 34. Bxa2 Bxa4 {[%mdl 4096] Endgame
KRB-KRB} 35. Rb7 g5 36. Rc7 h6 37. f3 Bb5 38. Kf2 Bd3 39. Bb3 Bg6 40. Bc2 Kg7
41. g4 {Weighted Error Value: White=0.06/Black=0.04} 1/2-1/2

[Event "23rd ETCC Open 2021"]
[Site "Catez"]
[Date "2021.11.21"]
[Round "9.20"]
[White "Haria, Ravi"]
[Black "Esipenko, Andrey"]
[Result "0-1"]
[WhiteElo "2497"]
[BlackElo "2713"]
[Annotator "TA"]
[PlyCount "64"]
[EventDate "2021.11.08"]
[EventType "team-tourn"]
[EventCountry "SLO"]
[SourceTitle "playchess.com"]
[Source "ChessBase"]
[SourceQuality "1"]
[WhiteTeam "England"]
[BlackTeam "Russia"]
[WhiteTeamCountry "ENG"]
[BlackTeamCountry "RUS"]

{[%evp 10,64,31,8,7,2,2,13,0,-12,26,22,22,24,31,8,10,11,8,11,16,9,8,8,10,6,16,
0,0,0,33,0,-10,-21,-19,-13,-9,-68,-70,-66,-45,-42,-63,-38,-42,-43,-43,-56,-38,
-99,-86,-141,-145,-193,-193,-227,-212]} 1. e4 c6 2. Nf3 d5 3. Nc3 Bg4 4. h3
Bxf3 5. Qxf3 e6 6. g3 Bc5 {B11: Caro-Kann: Two Knights Variation.} 7. Bg2 Nf6
8. O-O O-O {The position is equal.} 9. Rd1 Bd4 {[#]} (9... d4 $5 {[%cal Rd4c3]}
) 10. exd5 $146 ({Predecessor:} 10. d3 Nbd7 11. Ne2 Bb6 12. g4 dxe4 13. Qg3 Bc7
14. Bf4 e5 15. Bg5 exd3 16. Rxd3 {1/2-1/2 (74) Lagno,K (2546)-Gunina,V (2431)
Chess.com INT 2020}) 10... cxd5 11. Ne2 Nc6 12. Nxd4 Nxd4 13. Qd3 e5 14. c3 Nc6
15. Qb5 Qd7 16. d3 h6 17. Be3 Rfe8 18. a4 a6 19. Qb3 Re6 20. a5 d4 21. cxd4
exd4 22. Bd2 Re2 23. Bf3 (23. Rac1 $11) 23... Rae8 $15 24. Kg2 $1 (24. Bxe2 $2
Rxe2 25. Kf1 Re8 $17) 24... R2e5 25. Re1 $1 Rb5 $36 {[%mdl 2048] Black has the
initiative.} 26. Rxe8+ Qxe8 27. Qc2 Ne5 28. Be2 Qe6 29. Rc1 ({White should play
} 29. b4 $15) 29... Qd5+ $17 30. f3 (30. Kg1 $142) 30... Nc6 {Black is clearly
better.} 31. Kf2 Qd7 32. Bf1 Nd5 {Weighted Error Value: White=0.14/Black=0.04}
0-1

[Event "23rd ETCC Open 2021"]
[Site "Catez"]
[Date "2021.11.21"]
[Round "9.21"]
[White "Indjic, Aleksandar"]
[Black "Mastrovasilis, Dimitrios"]
[Result "1-0"]
[WhiteElo "2612"]
[BlackElo "2619"]
[Annotator "TA"]
[PlyCount "145"]
[EventDate "2021.11.08"]
[EventType "team-tourn"]
[EventCountry "SLO"]
[SourceTitle "playchess.com"]
[Source "ChessBase"]
[SourceQuality "1"]
[WhiteTeam "Serbia"]
[BlackTeam "Greece"]
[WhiteTeamCountry "SRB"]
[BlackTeamCountry "GRE"]

{[%evp 19,145,7,5,7,4,0,0,0,21,0,0,0,0,-10,0,0,0,0,19,29,20,8,4,11,11,11,12,0,
14,15,22,16,32,12,23,19,52,31,45,-19,-20,-117,27,23,32,32,68,66,65,56,66,69,54,
14,33,33,52,8,8,8,31,31,50,50,67,67,78,78,123,123,123,123,123,123,123,123,123,
122,122,122,162,162,162,162,162,162,162,128,162,128,162,123,128,123,128,122,
123,99,122,99,99,29,123,122,112,122,122,126,312,312,29980,29981,29981,29982,
29982,29983,29983,29984,29984,29985,29985,29986,29989,29989,29989,29990,29991,
29992]} 1. c4 e6 2. g3 d5 3. Bg2 Nf6 4. Nf3 Be7 5. O-O O-O 6. b3 b6 7. Bb2 Bb7
8. cxd5 exd5 9. d4 Nbd7 10. Nc3 Ne4 11. Rc1 {E17: Queen's Indian: 4 g3 Bb7 5
Bg2 Be7.} Nxc3 12. Bxc3 a5 13. Qc2 {[#] The position is equal.} Re8 $146 ({
Predecessor:} 13... Bd6 14. Bb2 c6 15. Ne5 Rc8 16. Bh3 Bxe5 17. dxe5 Qe7 18. e4
c5 19. exd5 Bxd5 {1-0 (45) Hungaski,R (2504)-Dolezal,C (2400) Buenos Aires 2017
}) 14. Rfd1 c6 15. Bb2 Bd6 16. e4 dxe4 17. Ne5 Nf6 18. Nxc6 Bxc6 19. Qxc6 Rc8
20. Qb5 e3 21. fxe3 Rxe3 22. Qf5 Rxc1 23. Rxc1 Re8 24. Bc6 Re7 25. Bb5 {
Black must now prevent Rc8!} Rc7 26. Bc4 Qe8 27. Rf1 h6 28. Bc1 Qe4 29. Bxh6
Qxd4+ $11 30. Kg2 (30. Kh1 $11) 30... Qe4+ ({Black should try} 30... b5 $1 $17
{[%cal Rb5c4]} 31. Bxg7 Qe4+ 32. Rf3 (32. Qxe4 $2 Nxe4 33. Bd3 Nc5 $19) 32...
Qxf5 33. Rxf5 Kxg7 34. Rxb5 a4 35. Rg5+ Kf8) 31. Qxe4 Nxe4 32. Be3 b5 33. Bxb5
Rc2+ 34. Kh3 Rxa2 35. Bc4 Nf6 36. Bf4 Be7 37. g4 Nh7 38. Kg3 (38. Be3 $5 {
[%cal Rf1f7]} Bf6 39. Rf2 Rxf2 40. Bxf2 $14) 38... a4 39. h4 axb3 40. Bxb3 Ra3
41. Rf3 {g5 is the strong threat.} Nf6 42. Kh3 Ra1 43. Bg3 {And now g5 would
win.} Ra3 44. g5 Ne4 45. Bxf7+ Kh7 46. Rxa3 Bxa3 $16 {[%mdl 4096] Endgame
KBB-KBN} 47. Be5 Bd6 48. Ba1 g6 49. Kg4 Ng3 50. Bd4 Nh5 51. Bc4 Bc7 52. Bf2 Bd6
53. Kf3 Bc7 54. Be6 Bd6 55. Bg4 Ng7 56. Ke4 Bc7 57. Kd5 Kg8 58. Kc6 Be5 59. Kd7
Kf7 60. Be1 (60. Be2 $16 Nh5 61. Bc4+ Kg7 62. Ke6) 60... Bd4 (60... Nf5 $11 {
remains equal.}) 61. Be2 Nh5 62. Bc4+ Kg7 63. Ke8 {aiming for Bb4.} Be5 $2 {
[#] A mistake that costs the game.} (63... Nf4 $16 {might work better.} 64. Bg3
Be3) 64. Bb4 $1 $18 {[%cal Rb4f8] Hoping for Bf8+.} Bg3 $2 (64... Nf6+ $18 65.
gxf6+ Kxf6 66. Be7+ Kg7) 65. Bc3+ {White mates.} Kh7 66. Kf8 {[%csl Gf8][%cal
Rc4g8]} Bd6+ 67. Kf7 Nf4 68. Bb3 Nd3 69. h5 {[%csl Gf7][%cal Rh5g6]} Ne5+ 70.
Ke6 {[%mdl 64] [#] Double Attack} Nf3 71. Kxd6 Nxg5 72. Bc2 Kh6 73. hxg6 {
Weighted Error Value: White=0.17/Black=0.15} 1-0

[Event "23rd ETCC Open 2021"]
[Site "Catez"]
[Date "2021.11.21"]
[Round "9.22"]
[White "Banikas, Hristos"]
[Black "Ivic, Velimir"]
[Result "1/2-1/2"]
[WhiteElo "2592"]
[BlackElo "2620"]
[Annotator "TA"]
[PlyCount "65"]
[EventDate "2021.11.08"]
[EventType "team-tourn"]
[EventCountry "SLO"]
[SourceTitle "playchess.com"]
[Source "ChessBase"]
[SourceQuality "1"]
[WhiteTeam "Greece"]
[BlackTeam "Serbia"]
[WhiteTeamCountry "GRE"]
[BlackTeamCountry "SRB"]

{[%evp 12,65,22,10,34,36,44,44,47,44,50,33,45,53,52,43,55,52,50,48,54,18,23,16,
16,12,12,14,18,20,20,0,0,0,15,12,28,0,0,0,0,0,0,0,0,0,0,0,0,0,0,0,0,0,0,0]} 1.
d4 d5 2. c4 e6 3. Nf3 Nf6 4. g3 Bb4+ 5. Bd2 a5 6. Bg2 O-O 7. Qc2 c5 {E11:
Bogo-Indian.} 8. cxd5 $1 {8.cxd5 is better than 8.dxc5.} cxd4 9. Nxd4 Qb6 {
White is slightly better.} 10. e3 exd5 11. O-O Nc6 12. Nxc6 bxc6 13. Rc1 Rb8
14. Nc3 h5 15. Na4 Qd8 {[#]} 16. a3 $146 ({Predecessor:} 16. Bxb4 Rxb4 17. b3
h4 18. Qxc6 h3 19. Bh1 d4 20. Qc7 dxe3 21. fxe3 Qe8 22. Re1 {0-1 (34) Vidit,S 
(2726)-Giri,A (2764) chess24.com INT 2020}) 16... Bxd2 17. Qxd2 h4 18. Qd4 ({
Of course not} 18. Rxc6 h3 $17) 18... h3 19. Bf3 Bd7 20. Nc5 Bf5 21. b4 axb4
22. axb4 Qb6 23. Qf4 Bg6 24. Qh4 (24. g4 $5 {[%cal Rg4g5]}) 24... Qxb4 {
The position is equal.} 25. Qxh3 {Threatens to win with Na6.} Ra8 {[#] White
must now prevent ...Rxa1.} 26. Nd7 Qb2 27. Nxf6+ Qxf6 28. Rxa8 Rxa8 29. Kg2 Bd3
30. Qd7 Ra1 31. Qc8+ (31. Qxc6 $2 Qxc6 32. Rxa1 Kf8 $19) 31... Kh7 32. Qh3+ ({
Don't go for} 32. Qxc6 $2 Qxc6 33. Rxa1 Qc3 $19) 32... Kg8 33. Qc8+ {Weighted
Error Value: White=0.04/Black=0.04} 1/2-1/2

[Event "23rd ETCC Open 2021"]
[Site "Catez"]
[Date "2021.11.21"]
[Round "9.23"]
[White "Ivanisevic, Ivan"]
[Black "Kourkoulos-Arditis, Stamatis"]
[Result "0-1"]
[WhiteElo "2604"]
[BlackElo "2524"]
[Annotator "TA"]
[PlyCount "122"]
[EventDate "2021.11.08"]
[EventType "team-tourn"]
[EventCountry "SLO"]
[SourceTitle "playchess.com"]
[Source "ChessBase"]
[SourceQuality "1"]
[WhiteTeam "Serbia"]
[BlackTeam "Greece"]
[WhiteTeamCountry "SRB"]
[BlackTeamCountry "GRE"]

{[%evp 18,122,37,47,48,29,40,46,47,70,63,30,87,79,89,100,94,97,126,24,16,23,69,
54,70,41,67,67,73,74,71,63,65,59,107,96,113,115,112,104,145,123,126,115,140,
141,123,114,155,155,158,77,69,70,198,189,222,196,423,409,407,403,602,552,1000,
635,619,595,1150,1154,1082,1080,913,0,0,0,0,8,331,308,349,360,368,344,304,0,
299,-382,-385,-346,-386,-391,-389,-358,-324,-663,-608,-755,-736,-904,-883,
-1214,-1211,-1060,-1030,-29988,-29988]} 1. d4 Nf6 2. c4 g6 3. Nc3 Bg7 4. e4 d6
5. Nf3 O-O 6. Be2 e5 7. O-O exd4 8. Nxd4 Re8 9. f3 c6 10. Kh1 Nbd7 {E94:
King's Indian: Classical: 6 Be2 e5 7 0-0: Various Black 7th moves.} 11. Be3 d5
12. cxd5 Nxd5 {White is slightly better.} 13. Nxd5 cxd5 14. Nb5 $1 {[#]} Nf8
$146 (14... Nb6 $11) ({Predecessor:} 14... Nb6 15. Re1 a6 16. Nd4 dxe4 17. fxe4
Rxe4 18. Bf3 Bg4 19. Bxg4 Bxd4 20. Bh6 Rxe1+ 21. Qxe1 {1/2-1/2 (36) Nyvlt,Z 
(2429)-Bochev,K (2415) ICCF email 2016}) 15. Rc1 $16 (15. Nxa7 $6 Be6 $11) (15.
Bxa7 b6 $17) 15... Bxb2 16. Nc7 Bxc1 17. Qxc1 Bd7 {...Rc8 is the strong threat.
} 18. Nxa8 (18. Nxe8 $6 Qxe8 19. exd5 Qe5 $11) (18. Nxd5 $16 {And now Bd4
would win.} Re6 19. Qb2) 18... Qxa8 $11 19. exd5 Qd8 20. Bc4 Ba4 {White should
prevent ...b5.} 21. Bh6 Qf6 22. h3 Rc8 {[#]} 23. Qa3 $1 Qh4 24. Qxa4 {aiming
for Bxf8.} Qxh6 25. f4 Qg7 26. Bb3 a6 27. Qb4 Qf6 28. Qxb7 Rd8 29. Qc7 Rd6 30.
Qc1 Kg7 31. Qe3 Nd7 32. Rc1 Nb6 33. Rc5 h5 34. g3 (34. Kh2 $142) 34... Nd7 $16
35. Rc7 $36 {[%mdl 2048] White has good play.} Qf5 (35... a5 $14) 36. Kg2 $18
Nf6 37. Qe5 Qd3 $2 (37... Qe4+ {might work better.} 38. Qxe4 Nxe4) 38. g4 $1 (
38. Qxd6 Qe2+ 39. Kh1 Qe1+ 40. Kh2 Qf2+ 41. Kh1 Qe1+ 42. Kh2 Qf2+ 43. Kh1 Qe1+
$11) 38... hxg4 39. hxg4 (39. Qxd6 $2 gxh3+ 40. Kg1 Qf3 $19) 39... Qd2+ (39...
Qe4+ $142 40. Kg1 Qb1+ 41. Kf2 Kg8) 40. Kg1 Qa5 41. Re7 (41. Qxd6 Qe1+ 42. Kh2
Qf2+ 43. Kh1 Qf1+ 44. Kh2 Qf2+ 45. Kh1 Qf1+ 46. Kh2 Qf2+ $11) 41... Qc5+ 42.
Kg2 Qb4 43. g5 {[%mdl 64] Pin} Qd2+ 44. Kg3 Qd3+ 45. Kh4 $2 ({White should play
} 45. Kf2 $18 Qd2+ 46. Kf1 Qd3+ 47. Ke1 Qg3+ 48. Kd2 Qf2+ 49. Kc3 Qc5+ 50. Bc4
Qa5+ 51. Kc2) 45... Qf3 $11 {[%csl Gf6][%cal Rf3g4]} 46. gxf6+ Rxf6 47. f5 Qf2+
$4 {[%mdl 8192]} (47... Kg8 $1 $11 {and Black has nothing to worry.}) 48. Kg5
$1 $18 Qg2+ 49. Kf4 Kh6 50. Ke3 ({Not} 50. Qxf6 Qf2+ 51. Ke4 Qe2+ 52. Kf4 Qf2+
53. Kg4 Qg2+ 54. Kh4 (54. Kf4 Qf2+ $11) 54... Qh2+ 55. Kg4 Qg2+ 56. Kf4 Qf2+
$11) 50... Rxf5 51. Qh8+ Kg5 52. Kd3 $4 {[%mdl 8192] [#]} (52. Qd8 $1 $18 {
Threatens to win with Rxf7+.} Qg1+ 53. Kd3) 52... Rf3+ $19 53. Kc4 {Strongly
threatening Qe5+.} Qf1+ 54. Kc5 {Hoping for Bc4.} Qb5+ 55. Kd6 {[#] Black must
now prevent Re5+.} Rf6+ $1 56. Qxf6+ $2 ({Don't blunder} 56. Kc7 $2 Qc5+ 57.
Kd8 Qd6+ 58. Kc8 Qxe7 $19) (56. Re6 Qb6+ 57. Kd7 fxe6 58. dxe6 Qd4+ 59. Kc8
Qc5+ 60. Kb7 Qb4+ 61. Kc6 Qe4+ 62. Kd7 Qd4+ 63. Kc8 Qc5+ 64. Kb7 Qb4+ 65. Kc6
Qc3+ 66. Kd7 Qd4+) 56... Kxf6 {KQ-KRB} 57. Rc7 g5 58. Rc6 Qb7 {[%csl Gf6][%cal
Rb7e7]} 59. Kc5+ Ke5 {[%csl Ga6][%cal Rb7b5]} 60. Bc4 Qa7+ 61. Rb6 Qc7+ {
Weighted Error Value: White=0.63/Black=0.35} 0-1

[Event "23rd ETCC Open 2021"]
[Site "Catez"]
[Date "2021.11.21"]
[Round "9.24"]
[White "Kelires, Andreas"]
[Black "Markus, Robert"]
[Result "0-1"]
[WhiteElo "2535"]
[BlackElo "2609"]
[Annotator "TA"]
[PlyCount "92"]
[EventDate "2021.11.08"]
[EventType "team-tourn"]
[EventCountry "SLO"]
[SourceTitle "playchess.com"]
[Source "ChessBase"]
[SourceQuality "1"]
[WhiteTeam "Greece"]
[BlackTeam "Serbia"]
[WhiteTeamCountry "GRE"]
[BlackTeamCountry "SRB"]

{[%evp 16,92,85,49,41,34,37,34,50,34,51,52,72,58,64,45,63,43,60,38,62,57,47,0,
0,0,40,41,33,-8,-2,-22,-25,-56,-57,-70,-66,-67,-47,-91,-55,-52,-52,-67,-54,
-145,-150,-160,-152,-147,-121,-317,-309,-476,-484,-547,-493,-533,-535,-460,
-324,-467,-457,-440,-431,-708,-696,-862,-800,-979,-959,-974,-993,-1075,-1095,
-1090,-979,-1345,-1341]} 1. d4 Nf6 2. c4 d6 3. Nc3 e5 4. Nf3 Nbd7 5. e4 g6 6.
Be2 Bg7 7. O-O O-O 8. Be3 c6 9. Qc2 exd4 {E94: King's Indian: Classical: 6 Be2
e5 7 0-0: Various Black 7th moves.} 10. Nxd4 a5 $5 {[%mdl 4] Exploring less
charted territory.} 11. Rad1 Qe7 {White is slightly better.} 12. f3 Nc5 13. Qd2
Ne8 14. Rfe1 {[#]} a4 $146 ({Predecessor:} 14... Bd7 15. Nb3 Be6 16. Nxc5 dxc5
17. Na4 Be5 18. f4 Bd4 19. Bxd4 cxd4 20. Qxd4 Ng7 {1-0 (32) Lutz,C (2445)
-Wolter,K (2270) Biel 1990}) 15. Bf1 Qc7 16. Kh1 Qa5 17. Bf2 Nc7 18. Nc2 Rd8
19. e5 Bf5 20. exd6 N7e6 21. Na3 {g4 is the strong threat.} g5 22. Bg3 Rd7 23.
Qe3 Rad8 24. Rd2 Bg6 {[%mdl 1024] Black has compensation.} 25. Red1 f5 26. Be5
f4 27. Qe2 Re8 {aiming for ...Nf8.} 28. Bxg7 Nxg7 29. Qf2 Nf5 30. Re1 (30. g3
$1 $15) 30... Ne3 $17 ({Inferior is} 30... Rxd6 31. Rxe8+ Bxe8 32. Rxd6 $16) ({
But not} 30... Nxd6 31. Rxe8+ Nxe8 32. Rxd7 $15) 31. Nc2 Bxc2 32. Rxc2 Rxd6 33.
a3 $2 {This costs White the game.} (33. Rd2 $17 Rde6 34. Rb1) 33... Qd8 $19 34.
Rcc1 (34. h3 {might work better.}) 34... Rd2 35. Re2 {[#]} Nd3 $1 {[%mdl 512]}
36. Rxd2 Nxf2+ 37. Rxf2 Re7 38. Ne4 (38. h3 {was necessary.}) 38... Rd7 {
Black is clearly winning.} 39. Be2 {[#]} Rd2 $1 {[%mdl 512]} 40. c5 (40. Nxd2
$142 Qxd2 {[%mdl 64] Double Attack} 41. Rb1) 40... Rxb2 41. g3 Qd4 42. gxf4
gxf4 43. Rg1+ Kf8 44. Ng5 Ke7 45. Ne4 Ra2 46. Nd6 Qxc5 {Weighted Error Value:
White=0.59/Black=0.08} 0-1

[Event "23rd ETCC Open 2021"]
[Site "Catez"]
[Date "2021.11.21"]
[Round "9.25"]
[White "Yilmaz, Mustafa"]
[Black "Nisipeanu, Liviu-Dieter"]
[Result "1/2-1/2"]
[WhiteElo "2626"]
[BlackElo "2651"]
[Annotator "TA"]
[PlyCount "79"]
[EventDate "2021.11.08"]
[EventType "team-tourn"]
[EventCountry "SLO"]
[SourceTitle "playchess.com"]
[Source "ChessBase"]
[SourceQuality "1"]
[WhiteTeam "Turkey"]
[BlackTeam "Germany"]
[WhiteTeamCountry "TUR"]
[BlackTeamCountry "GER"]

{[%evp 11,79,34,35,26,33,-8,30,31,35,28,33,29,38,37,29,31,31,26,41,28,89,89,83,
70,85,79,85,87,80,78,81,89,93,77,87,91,89,88,83,80,85,22,53,0,84,79,139,127,
127,134,148,148,141,139,203,216,179,8,8,8,8,0,0,0,0,0,0,0,0,0]} 1. d4 Nf6 2. c4
e6 3. Nf3 d5 4. Nc3 c5 5. cxd5 cxd4 6. Qxd4 exd5 7. e4 {D41: Queen's Gambit
Declined: Semi-Tarrasch with 5 cxd5.} dxe4 8. Qxd8+ Kxd8 9. Ng5 {White has an
edge.} Be6 10. Nxe6+ fxe6 11. Bg5 h6 $1 {[%mdl 4] 11...h6 is setting a new
trend.} 12. O-O-O+ Ke7 $1 13. Bxf6+ gxf6 14. Nxe4 Bg7 15. Bb5 $36 {[%mdl 2048]
[#] Black is under pressure.} a6 $146 (15... f5 $11 16. Nd6 Nc6) ({Predecessor:
} 15... f5 16. Nd6 Nc6 17. Rhe1 Rhf8 18. Bxc6 bxc6 {1/2-1/2 (18) Cade,S (2280)
-Babychuk,V (2216) ICCF email 2016}) 16. Ba4 $16 f5 17. Ng3 Rc8+ 18. Kb1 {
Rhe1 is the strong threat.} Nc6 19. Rhe1 Nd4 {[#]} 20. Rxd4 $1 {[%mdl 64]
Remove Defender, Decoy} Bxd4 21. Nxf5+ $1 {[%mdl 64] Double Attack} Kf7 22. Bb3
(22. Nxd4 $6 Rc4 $11) 22... Be5 23. Nxh6+ Kg7 24. Rxe5 Kxh6 25. Rxe6+ {[%mdl
4096] Endgame KRR-KRB} Kg5 26. Re5+ (26. Bd5 $16 Rc7 27. Be4) 26... Kf6 $11 27.
Re6+ (27. f4 {keeps more tension.} Re8 28. Bd5 Rxe5 29. fxe5+ Kxe5 30. Bxb7 Rh8
31. h3) 27... Kg5 $1 28. Bd5 {Threatens to win with f4+!} Re8 {[#]} ({Better is
} 28... Rc7) 29. Rxe8 $1 $16 Rxe8 30. Bxb7 {KR-KB} Re1+ 31. Kc2 Re2+ 32. Kc3
Rxf2 33. a4 a5 {[%cal Ba6a5,Ba5b4][%mdl 32] [#]} 34. b4 $2 (34. Bf3 $1 $18)
34... axb4+ $11 {The position is equal.} 35. Kb3 {Strongly threatening a5.} Rf1
$1 36. a5 Rb1+ 37. Kc4 {aiming for a6.} Rc1+ 38. Kb3 Rb1+ 39. Ka2 Rc1 40. Kb3 {
Weighted Error Value: White=0.16/Black=0.05} 1/2-1/2

[Event "23rd ETCC Open 2021"]
[Site "Catez"]
[Date "2021.11.21"]
[Round "9.26"]
[White "Keymer, Vincent"]
[Black "Can, Emre"]
[Result "1/2-1/2"]
[WhiteElo "2639"]
[BlackElo "2570"]
[Annotator "TA"]
[PlyCount "107"]
[EventDate "2021.11.08"]
[EventType "team-tourn"]
[EventCountry "SLO"]
[SourceTitle "playchess.com"]
[Source "ChessBase"]
[SourceQuality "1"]
[WhiteTeam "Germany"]
[BlackTeam "Turkey"]
[WhiteTeamCountry "GER"]
[BlackTeamCountry "TUR"]

{[%evp 9,107,0,0,0,0,0,0,4,0,17,8,0,25,0,8,11,39,47,51,34,74,35,69,71,108,107,
99,84,89,81,104,75,80,25,33,26,30,25,28,27,25,31,52,18,18,-12,29,6,12,0,0,0,0,
0,6,0,0,0,0,0,2,0,0,0,0,0,0,0,0,0,7,0,8,0,24,0,14,24,26,3,1,0,0,0,8,8,8,8,8,0,
8,0,0,0,10,0,0,0,0,0]} 1. d4 d5 2. Nf3 e6 3. e3 Nf6 4. Nbd2 b6 5. b3 Bd6 6. Bb2
{D02: 1 d4 d5 2 Nf3 sidelines, including 2...Nf6 3 g3 and 2...Nf6 3 Bf4.} O-O
7. Bd3 Bb7 8. O-O c5 9. dxc5 Bxc5 10. a3 Nbd7 11. c4 Be7 12. Qe2 Nc5 13. Bc2
dxc4 14. Nxc4 {[#]} Be4 $146 ({Predecessor:} 14... Qd5 15. b4 Nce4 16. Nce5 Qd8
17. Rfd1 Qe8 18. Nd4 Rc8 19. Rac1 Bd6 20. Nb5 Bb8 {1-0 (56) Shomoev,A (2570)
-Bukavshin,I (2517) Moscow 2012}) 15. Nce5 Qc7 16. b4 Bxc2 17. Qxc2 {[%mdl 64]
[#] Pin} Na6 18. Rac1 Qxc2 19. Rxc2 Bd6 20. Rd1 Rad8 21. Rcd2 (21. g3 $16 {
aiming for Nc6.} Nb8 22. Rdc1) 21... Bxe5 $11 22. Bxe5 Rxd2 23. Rxd2 Rc8 {
[#] ( -> ...Rc1+)} 24. h3 Kf8 25. g4 h6 26. Rd1 Nb8 27. Nd4 a6 (27... Nbd7 $5 {
[%cal Rd7e5]} 28. Bd6+ Ke8 $11) 28. b5 axb5 29. Nxb5 Nbd7 30. Bd6+ Kg8 31. Rd4
Nc5 32. f3 Nb3 {Threatens to win with ...Rc1+.} 33. Rd3 Nc5 34. Rd1 Ra8 35. e4
Nfd7 36. Kf1 g5 37. Ke2 Kg7 38. Bg3 Ra5 39. Rb1 Kg6 40. Be1 Ra8 41. Rd1 Kf6 42.
Bc3+ Ke7 43. h4 f6 44. h5 Ne5 {The position is equal.} 45. Rd6 (45. Rd4 {
keeps more tension.} Nc6 46. Rd6 Rc8 47. Ke3 Na4 48. Rd3) 45... Rxa3 46. Rxe6+
Nxe6 47. Nxa3 {[%mdl 4096] Endgame KBN-KNN} Kd6 48. Bb4+ Kd7 49. Ke3 Nc7 50.
Nc2 Ne6 51. Na3 Nc7 52. Nb1 Nb5 53. Nd2 Ke8 54. Nb3 {Weighted Error Value:
White=0.07/Black=0.05} 1/2-1/2

[Event "23rd ETCC Open 2021"]
[Site "Catez"]
[Date "2021.11.21"]
[Round "9.27"]
[White "Sanal, Vahap"]
[Black "Bluebaum, Matthias"]
[Result "0-1"]
[WhiteElo "2590"]
[BlackElo "2647"]
[Annotator "TA"]
[PlyCount "88"]
[EventDate "2021.11.08"]
[EventType "team-tourn"]
[EventCountry "SLO"]
[SourceTitle "playchess.com"]
[Source "ChessBase"]
[SourceQuality "1"]
[WhiteTeam "Turkey"]
[BlackTeam "Germany"]
[WhiteTeamCountry "TUR"]
[BlackTeamCountry "GER"]

{[%evp 9,88,-4,2,-12,-9,-16,-10,-20,7,0,7,7,10,-24,-27,-26,-8,-10,0,0,0,-2,-4,
-34,-6,-42,0,-7,73,0,7,-18,-13,-11,-9,-10,-6,-12,-5,-56,0,0,0,7,16,0,0,0,0,-8,
-7,-18,-8,-17,40,-143,-141,-130,-142,-185,-96,-90,-109,-722,-707,-719,-731,
-731,-704,-723,-698,-730,-703,-719,-719,-718,-713,-768,-766,-768,-768]} 1. Nf3
d5 2. b3 Bf5 3. Bb2 Nf6 4. d3 c5 5. Nbd2 Nc6 6. g3 {A06: Réti Opening: 1 Nf3
d5.} Qc7 7. Bg2 e5 8. O-O {The position is equal.} Be7 {[#]} 9. e4 $146 ({
Predecessor:} 9. Re1 Rd8 10. c4 d4 11. Ng5 O-O 12. a3 Bg6 13. h4 h6 14. Nh3 a6
15. Qc2 {0-1 (24) Almeida,A (1843)-Cunha,A (1983) Maraba 2019}) 9... dxe4 10.
dxe4 Be6 11. Ng5 Bg4 12. f3 Bd7 13. Nc4 b5 14. Ne3 c4 15. Kh1 h6 16. Nh3 Rd8 {
...Bxh3 is the strong threat.} 17. Qe1 Be6 18. f4 Bb4 (18... O-O $11) 19. c3 (
19. Bxe5 $16 Qxe5 20. fxe5 Bxe1 21. exf6) 19... Bc5 20. a4 bxa4 21. f5 Bd7 22.
b4 Bxe3 23. Qxe3 Ne7 24. Nf2 Qb6 ({Black should play} 24... Nc8 $15) 25. Qe2
$11 O-O 26. Bc1 a5 27. bxa5 Qxa5 28. g4 $1 Nh7 $1 29. h4 Qxc3 30. Ra3 {[%cal
Ra3c3]} Qb4 {Hoping for ...Bb5.} 31. g5 c3 (31... hxg5 $11 32. Rh3 Nxf5 33.
exf5 Bxf5) 32. Rg1 $2 (32. gxh6 $14 {stays ahead.} Bb5 33. Qg4) 32... Nxf5 $17
33. exf5 Qxh4+ 34. Nh3 {Threatening gxh6.} Bxf5 ({Better is} 34... hxg5 $19 35.
Qxe5 Rc8) 35. Rxc3 Nxg5 36. Qxe5 $2 {[%mdl 8192] This costs White the game.} (
36. Bxg5 $17 hxg5 37. Qxe5) 36... Nxh3 $19 {[%mdl 64] Overworked Piece. Black
is clearly winning.} ({Not} 36... Bxh3 37. Bxh3 f6 38. Qh2 $15) 37. Bxh3 Be4+
38. Kh2 Qf2+ 39. Bg2 {[#]} Rd5 $1 {[%cal Rd5e5]} 40. Qxe4 (40. Qf4 Rh5+) 40...
Rh5+ 41. Rh3 Rxh3+ {[%mdl 64] Overworked Piece} 42. Kxh3 Qxg1 43. Bb2 Qb6 44.
Qe5 Qe6+ {Weighted Error Value: White=0.40/Black=0.14} 0-1